000
00274nam a22001097a 4500
008
160518b xxu||||| |||| 00| 0 eng d
020
_a
1560534370
041
_a
eng
080
_a
61
245
_a
Physical medicine and rehabilitation secrets:
_c
Bryan O'young;
942
_2
udc
_c
BK
999
_c
2155
_d
2155